| 000 | 00462nam a2200145Ia 4500 | ||
|---|---|---|---|
| 003 | IN-BaIIA | ||
| 008 | 211028s9999 xx 000 0 eng d | ||
| 040 | _cIIA Library | ||
| 110 |
_aPhotometrics limited _915556 |
||
| 245 | 0 |
_aDIPS user's manual for the forth programming system _cPhotometrics limited |
|
| 260 |
_aFrance _c1986 |
||
| 300 | _a724p. | ||
| 650 |
_aDips users, computer programming system _915557 |
||
| 942 | _cBK | ||
| 999 |
_c9255 _d9255 |
||